000
00241nam a22001097a 4500
082
_a
669.142 STE'T
100
_a
TROITSKY, ANATOLY
_9
79780
245
_a
STEEL FOUNDRY PRACTICE
260
_a
MOSCOW
_b
MIR
_c
1968
300
_a
319P
942
_c
BK
999
_c
584774
_d
584774